Inscriptionum hispaniae latinorum (Record no. 155638)

MARC details
000 -LEADER
campo de control de longitud fija 01046nam a2200217 i 4500
001 - NÚMERO DE CONTROL
campo de control 155638
003 - IDENTIFICADOR DE NÚMERO DE CONTROL
campo de control ES-MaACL
005 - FECHA Y HORA DE LA ÚLTIMA TRANSACCIÓN
campo de control 20251002204103.0
008 - DATOS DE LONGITUD FIJA--INFORMACIÓN GENERAL
campo de control de longitud fija 990701s1892 gw ab |||| | lat d
245 00 - MENCIÓN DEL TÍTULO
Título Inscriptionum hispaniae latinorum
Resto del título : supplementum /
Mención de responsabilidad, etc. edidit Aemilius Hübner.
260 ## - PUBLICACIÓN, DISTRIBUCIÓN, ETC.
Lugar de publicación, distribución, etc. Berolini :
Nombre del editor, distribuidor, etc. Apud Gregorium Reimerum,
Fecha de publicación, distribución, etc. 1892 (
Lugar de fabricación/manufactura [Lipsiae] :
Fabricante Typis expresserunt Breitkopf et Haertel Lipsienses)
300 ## - DESCRIPCIÓN FÍSICA
Extensión CV, p. 49-1224, III h. de map. pleg. ;
Dimensiones 40 cm.
490 1# - MENCIÓN DE SERIE
Mención de serie Corpus inscriptionum latinarum / consilio et auctoritate Academiae Litterarum Regiae Borussicae editum ;
Designación de volumen o secuencia 2 supl.
597 ## - NOTA DE DESCRIPCIÓN FÍSICA
NOTA DE DESCRIPCIÓN FÍSICA Texto a dos col.
599 ## - NOTA A LAS ILUSTRACIONES
NOTA A LAS ILUSTRACIONES Las h. de map. : "C.L. Ohmann lith." y "C.L. Keller impr."
650 04 - PUNTO DE ACCESO ADICIONAL DE MATERIA--TÉRMINO DE MATERIA
Término de materia o nombre geográfico como elemento de entrada Inscripciones latinas-
Subdivisión geográfica España.
9 (RLIN) 13821
700 1# - ENTRADA AGREGADA--NOMBRE PERSONAL
Nombre de persona Hübner, Emil,
Fechas asociadas al nombre 1834-1901
9 (RLIN) 128127
830 0# - PUNTO DE ACCESO ADICIONAL DE SERIE-TÍTULO UNIFORME
Título uniforme Corpus inscriptionum latinarum / consilio et auctoritate Academiae Litterarum Regiae Borussicae editum ;
Designación de volumen o secuencia 2 supl.
9 (RLIN) 221585
852 ## - LOCALIZACIÓN
Ubicación ES-MaACL
Número de control de estantería B-254
Nota libre - Enc. hol. deteriorada
Holdings
Estatus retirado Estado de pérdida Estado de daño No para préstamo Colección Biblioteca de origen Biblioteca actual Ubicación en estantería Fecha de adquisición Fuente de adquisición Total de préstamos Signatura topográfica completa Código de barras Visto por última vez Precio de reemplazo Tipo de ítem Koha
        Libros del s. XIX Biblioteca del Ateneo de Madrid Biblioteca del Ateneo de Madrid Sala Pardo Bazán 17/01/2008     B-254 1162800 23/02/2023 23/02/2023 Libro impreso antiguo